000 00506nam a2200193 a 4500
005 20210219153102.0
008 991125n 000 0 spa u
035 _aUPN01000077248
100 _aCASTILLO, Isidro
222 _aCOMUNICACION EDUCATIVA
245 _aLa escuela en el México rural : [educación rural]
300 _a6
362 _a1982 Año 3, no. 18 (abr.)
653 0 _aEDUCACION RURAL
653 0 _aESCUELA RURAL
653 0 _aMEXICO
904 _aAC
_b015059
905 _aArticulo
999 _c68083
_d68083